Laikliğe Çağrı (Record no. 2664)
[ view plain ]
| 000 -BAŞLIK | |
|---|---|
| Sabit Uzunlukta Kontrol Alanı | 00777na a2200277 4500 |
| 001 - KONTROL NUMARASI | |
| Denetim Alanı | 23230 |
| 003 - KONTROL NUMARASI IDENTIFIER | |
| Denetim Alanı | MIRAKIL |
| 005 - SON İŞLEM TARİHİ VE ZAMANI | |
| Denetim Alanı | 20181213154905.0 |
| 008 - SABİT-BOY VERİ ELEMANLARI - GENEL BİLGİLER | |
| Sabit Uzunlukta Kontrol Alanı | 181105b tu 000 0 |
| 020 ## - ULUSLARARASI STANDART KİTAP NUMARASI | |
| Uluslararası Standart Kitap Numarası | 9755200118 |
| 040 ## - KATALOGLAMA KAYNAK | |
| Orijinal Kataloglama Ajansı | Milas |
| Kataloglama Dili | tur |
| Metne Dönüştürmek Ajansı | TR-AnCHP |
| 041 ## - DİL KODU | |
| Metin / Ses Parça Veya Ayrı Başlığın Dil Kodu | tur |
| 082 ## - DEWEY ONLU SINIFLANDIRMA NUMARASI | |
| Sınıflandırma Numarası | 322.1 |
| Ürün Numarası | A47l 1989 |
| 090 ## - SINIFLAMA NUMARASI | |
| Sınıflama Numarası | 322.1 A47l 1989 |
| 100 ## - ANA GİRİŞ - KİŞİSEL İSİM | |
| Kişisel Ad | Aksoy, Muammer |
| 245 ## - BAŞLIK TABLOSU | |
| Başlık | Laikliğe Çağrı |
| Sorumluluk Tablosu, Vb | Muammer Aksoy |
| 250 ## - EDITION TABLOSU | |
| Baskı Beyanı | 2. bs. |
| 260 ## - YAYIN, DAĞITIM, VB | |
| Yayın, Dağıtım, Vb Yeri | Ankara |
| Yayıncı, Dağıtıcı, Vs Adı | Gündoğan Yayınları |
| Yayın, Dağıtım, Vb Tarihi | 1989 |
| Üretici Firma | Özkan Matbaacılık |
| 300 ## - FİZİKSEL TANIM | |
| Kapsam | 68 s. |
| Boyutlar | 19 sm. |
| 440 ## - SERİSİ TABLOSU / KATMA GİRİŞİ - BAŞLIK | |
| Başlık | Gündoğan yayınları |
| Hacim / Ardışık Tanımı | 90.19 |
| 490 ## - SERİSİ TABLOSU | |
| Seri Beyanı | Atatürkçü Düşünce dizisi |
| Hacim / Ardışık Tanımı | 01.02 |
| 650 ## - KONU KATMA GİRİŞ - TOPİKAL DÖNEM | |
| Topikal Süreli Veya Coğrafi Ad Giriş Elemanı | Laiklik |
| Genel Alt Bölümü | Türkiye |
| 650 ## - KONU KATMA GİRİŞ - TOPİKAL DÖNEM | |
| Topikal Süreli Veya Coğrafi Ad Giriş Elemanı | Din ve siyaset |
| Genel Alt Bölümü | Türkiye |
| 650 ## - KONU KATMA GİRİŞ - TOPİKAL DÖNEM | |
| Topikal Süreli Veya Coğrafi Ad Giriş Elemanı | Siyaset ve yönetim |
| Genel Alt Bölümü | Türkiye |
| 942 ## - EKLENDİ GİRİŞ ELEMANLARI (KOHA) | |
| Sınıflandırma Veya Raf Düzeni Kaynak | Dewey Decimal Classification |
| Koha Öğesi Türü | Books |
| 999 ## - SİSTEM KONTROL NUMARALARI (KOHA) | |
| Koha Biblionumber | 2664 |
| Koha Biblioitemnumber | 2664 |
| Kalıcı Konum | Mevcut Konum | Edinme Tarihi | Edinim Kaynak | Toplam Check-Out'Lar | Tam Çağrı Numarası | Barkod | Tarih Son Görülme | İtibaren Geçerli Fiyatlar | Koha Öğesi Türü |
|---|---|---|---|---|---|---|---|---|---|
| CHP Kütüphanesi | CHP Kütüphanesi | 08/17/2017 | Bağış | 322.1 A47l 1989 | 017212 | 08/17/2017 | 08/17/2017 | Books | |
| CHP Kütüphanesi | CHP Kütüphanesi | 03/15/2022 | 322.1 A47l 1989 | 020353 | 03/15/2022 | 03/15/2022 | Books |
